The snake stone : (Record no. 1688)

000 -LEADER
fixed length control field 01838nam a22004697a 4500
001 - CONTROL NUMBER
control field 14736662
003 - CONTROL NUMBER IDENTIFIER
control field OSt
005 - DATE AND TIME OF LATEST TRANSACTION
control field 20210421080730.0
008 - FIXED-LENGTH DATA ELEMENTS--GENERAL INFORMATION
fixed length control field 070216s2007 nyu 000 1 eng
010 ## - LIBRARY OF CONGRESS CONTROL NUMBER
LC control number 2007006943
020 ## - INTERNATIONAL STANDARD BOOK NUMBER
International Standard Book Number 9780374299354 (hbk. : alk. paper)
020 ## - INTERNATIONAL STANDARD BOOK NUMBER
International Standard Book Number 0374299358 (hbk. : alk. paper)
035 ## - SYSTEM CONTROL NUMBER
System control number (OCoLC)ocm84838760
035 ## - SYSTEM CONTROL NUMBER
System control number (OCoLC)84838760
040 ## - CATALOGING SOURCE
Original cataloging agency DLC
Transcribing agency DLC
Modifying agency DLC
Language of cataloging eng
041 ## - LANGUAGE CODE
Language code of text/sound track or separate title eng
043 ## - GEOGRAPHIC AREA CODE
Geographic area code a-tu---
050 00 - LIBRARY OF CONGRESS CALL NUMBER
Classification number PR6107.O663
Item number S63 2007
080 ## - UNIVERSAL DECIMAL CLASSIFICATION NUMBER
Universal Decimal Classification number 821.111
Item number G-64
082 00 - DEWEY DECIMAL CLASSIFICATION NUMBER
Classification number 823/.92
Edition number 22
100 1# - MAIN ENTRY--PERSONAL NAME
Personal name Goodwin, Jason,
Dates associated with a name 1964-
245 14 - TITLE STATEMENT
Title The snake stone :
Remainder of title a novel /
Statement of responsibility, etc. / by: Sarah Crichton Books/Farrar, Straus and Giroux
250 ## - EDITION STATEMENT
Edition statement 1st edition
260 ## - PUBLICATION, DISTRIBUTION, ETC.
Place of publication, distribution, etc. New York
Name of publisher, distributor, etc. Sarah Crichton Books/Farrar, Straus and Giroux
Date of publication, distribution, etc. 2007.
300 ## - PHYSICAL DESCRIPTION
Extent 290 p.
Dimensions 24 cm.
365 ## - TRADE PRICE
Price amount 25 usd
650 #0 - SUBJECT ADDED ENTRY--TOPICAL TERM
Topical term or geographic name entry element Eunuchs
Form subdivision Fiction.
650 #0 - SUBJECT ADDED ENTRY--TOPICAL TERM
Topical term or geographic name entry element English literature
9 (RLIN) 254
650 #0 - SUBJECT ADDED ENTRY--TOPICAL TERM
Topical term or geographic name entry element Police
Geographic subdivision Turkey
-- Istanbul
Form subdivision Fiction.
650 #0 - SUBJECT ADDED ENTRY--TOPICAL TERM
Topical term or geographic name entry element Favorites, Royal
Form subdivision Fiction.
651 #0 - SUBJECT ADDED ENTRY--GEOGRAPHIC NAME
Geographic name Istanbul (Turkey)
General subdivision Court and courtiers
Form subdivision Fiction.
651 #0 - SUBJECT ADDED ENTRY--GEOGRAPHIC NAME
Geographic name Istanbul (Turkey)
General subdivision History
Chronological subdivision 19th century
Form subdivision Fiction.
653 ## - INDEX TERM--UNCONTROLLED
Uncontrolled term ინგლისური ლიტერატურა
655 #7 - INDEX TERM--GENRE/FORM
Genre/form data or focus term Mystery fiction.
Source of term gsafd
655 #7 - INDEX TERM--GENRE/FORM
Genre/form data or focus term Historical fiction.
Source of term gsafd
856 42 - ELECTRONIC LOCATION AND ACCESS
Materials specified Contributor biographical information
Uniform Resource Identifier <a href="http://www.loc.gov/catdir/enhancements/fy0711/2007006943-b.html">http://www.loc.gov/catdir/enhancements/fy0711/2007006943-b.html</a>
856 42 - ELECTRONIC LOCATION AND ACCESS
Materials specified Publisher description
Uniform Resource Identifier <a href="http://www.loc.gov/catdir/enhancements/fy0711/2007006943-d.html">http://www.loc.gov/catdir/enhancements/fy0711/2007006943-d.html</a>
856 41 - ELECTRONIC LOCATION AND ACCESS
Materials specified Sample text
Uniform Resource Identifier <a href="http://www.loc.gov/catdir/enhancements/fy0803/2007006943-s.html">http://www.loc.gov/catdir/enhancements/fy0803/2007006943-s.html</a>
906 ## - LOCAL DATA ELEMENT F, LDF (RLIN)
a 7
b cbc
c orignew
d 1
e ecip
f 20
g y-gencatlg
942 ## - ADDED ENTRY ELEMENTS (KOHA)
Source of classification or shelving scheme
Koha item type Books
Edition 1
Holdings
Withdrawn status Lost status Source of classification or shelving scheme Damaged status Not for loan Permanent location Current location Date acquired Inventory number Total Checkouts Full call number Barcode Date last seen Price effective from Koha item type
          Ken Walker International University Ken Walker International University 02/24/2021 1575   821.111 G-64 1575 02/24/2021 02/24/2021 Books

Powered by Koha